000 00858nam a2200265 a 4500
003 MX-MxUPN
005 20251210064031.0
008 991125s1928 sp fr 001 0 spa d
035 _aUPN01000006773
040 _aMX-MxUPN
_bspa
_cMX-MxUPN
041 _aspa
050 4 _aLB1557
_bC6.2
100 1 _aCompayré, Gabriel,
_d1843-1913
_930505
245 1 0 _aCarlos Démia y los orígenes de la enseñanza primaria
260 _aMadrid :
_bEdiciones de la Lectura,
_c1928.
300 _a131 páginas
500 _aA la cabeza de la cubierta: Biblioteca pedagógica
504 _aIncluye índice.
600 1 0 _aDemia, Charles,
_d1637-1689
_912959
650 4 _aEducación primaria
_91552
710 2 _aInstituto Nacional de Pedagogía (México)
_epropietario anterior
_928088
902 _bMaríaRobles/300824
905 _aLibro
942 _2lcc
_cLIBRO
_n0
999 _c6773
_d6773